000
00209 a2200097 4500
001
29737
100
_a
Scheel L F
245
_a
Gas Machinery
260
_a
_b
Gulf Publisher Co.
_c
1972
090
_c
19755
_d
19755
942
_a
NUST-CAE
_c
M
_c
10841
999
_c
264810
_d
264810